000 00867nam a2200181 a 4500
001 001113202
003 AM-YeHGA
005 20250617151814.0
008 151113s1970 ru 000 0 rus d
040 _aAM-YeHGA
041 0 _arus
245 0 0 _aТомь :
_bЛитературно-художественный и общественно-политический сборник Томской областной писательской организации Союза писателей РСФСР и Томской областной организации Союза журналистов СССР /
_cОтв. ред. И.З. Елегечев.
260 _aТомск :
_bБ. и.,
_c1970.
300 _a131 с. :
_bил.
650 1 4 _aТомская область
700 1 _aЕлегечев, Иван Захарович
_eред.
_4edt
090 _c360181
999 _c358357
_d358357